| 000 | 00479nam a2200133Ia 4500 | ||
|---|---|---|---|
| 008 | 151021s9999 xx 000 0 und d | ||
| 020 | _a9290592060 | ||
| 245 | _a_Inte`gration du genre dans la mise en 0euvre d1un programme agroforestier au sahel: Guide practique des chercheurs Bintou Nimaga | ||
| 260 | _aNairobi ICRAF 2006 | ||
| 300 | _axii82p;ill. | ||
| 650 | _a_inte`gration du genre dans la mise | ||
| 700 | _a_Antoine Kalinganire | ||
| 980 | _a^d20110921 11:36:40^okorir | ||
| 999 |
_c8172 _d8172 |
||